[Event "Baden-ch U12"]
[Site "Karlsruhe"]
[Date "2012.01.04"]
[Round "3"]
[White "Koeppel, Raphael"]
[Black "Lauser, Luka Tobias"]
[Result "0-1"]
[WhiteElo "759"]
[BlackElo "862"]
[PlyCount "94"]
[EventDate "2012.01.03"]
[EventType "swiss"]
[EventRounds "7"]
[EventCountry "GER"]
[SourceTitle "EXT 2015"]
[Source "ChessBase"]
[SourceDate "2014.11.20"]
[SourceVersion "1"]
[SourceVersionDate "2014.11.20"]
[SourceQuality "1"]

1. e4 e5 2. Nf3 Nc6 3. Nc3 a6 4. Bc4 h6 5. d4 exd4 6. Nxd4 Nxd4 7. Qxd4 b5 8. Bd5 c6 9. Qe5+ Qe7 10. Qxe7+ Bxe7 11. Bb3 Nf6 12. 0-0 0-0 13. e5 Ng4 14. Bf4 h5 15. h3 Nh6 16. Bxh6 gxh6 17. Ne4 d5 18. Nf6+ Bxf6 19. exf6 Re8 20. Rfe1 Rxe1+ 21. Rxe1 Kh7 22. c4 Be6 23. cxd5 cxd5 24. Rd1 Rd8 25. Bc2+ Kg8 26. Be4 Rd6 27. Bd3 Bd7 28. a4 Rxf6 29. axb5 axb5 30. Ra1 Kf8 31. Ra7 Ke7 32. Bxb5 Rd6 33. Be2 d4 34. Bxh5 d3 35. Kf1 d2 36. Ra1 Bb5+ 37. Kg1 Re6 38. Kh2 Bc4 39. Ra7+ Kd6 40. Ra4 Re5 41. Rxc4 Rxh5 42. Rd4+ Rd5 43. Rxd2 Rxd2 44. b3 Rxf2 45. Kg3 Rb2 46. Kg4 Rxg2+ 47. Kf5 Kc6 0-1

[Event "Baden-ch U12"]
[Site "Karlsruhe"]
[Date "2012.01.04"]
[Round "4"]
[White "Lauser, Luka Tobias"]
[Black "Straub, Felix"]
[Result "0-1"]
[WhiteElo "862"]
[BlackElo "1250"]
[PlyCount "140"]
[EventDate "2012.01.03"]
[EventType "swiss"]
[EventRounds "7"]
[EventCountry "GER"]
[SourceTitle "EXT 2015"]
[Source "ChessBase"]
[SourceDate "2014.11.20"]
[SourceVersion "1"]
[SourceVersionDate "2014.11.20"]
[SourceQuality "1"]

1. e4 e5 2. Nf3 Nc6 3. Nc3 Nf6 4. Bb5 d6 5. Bxc6+ bxc6 6. d4 Ng4 7. dxe5 Be7 8. exd6 cxd6 9. h3 Nf6 10. 0-0 h6 11. Re1 0-0 12. Bf4 Nh5 13. Be3 Bb7 14. Qd3 a5 15. a3 Nf6 16. Rad1 Re8 17. Bf4 Nh5 18. Bxd6 c5 19. Bxe7 Qxe7 20. Nd5 Qd6 21. e5 Qb8 22. g4 Bxd5 23. Qxd5 Nf4 24. Qxc5 Rc8 25. Qd4 Ne6 26. Qe4 Qxb2 27. Ra1 Nc5 28. Rab1 Qc3 29. Qe2 Ne6 30. Red1 Nf4 31. Qe4 Qc4 32. Qxc4 Rxc4 33. Rd2 Rc3 34. Nd4 Rd8 35. Rb2 Rxd4 36. Rxd4 Ne2+ 37. Kg2 Nxd4 38. f4 Rxc2+ 39. Rxc2 Nxc2 40. Kf3 Nd4+ 41. Ke4 Ne6 42. f5 Ng5+ 43. Kd5 Kf8 44. h4 Nh7 45. Kc5 g5 46. h5 f6 47. e6 Ke7 48. Kb5 Nf8 49. Kxa5 Nxe6 50. fxe6 f5 51. Kb5 fxg4 52. a4 g3 53. a5 g2 54. a6 g1Q 55. Kc6 g4 56. Kb7 g3 57. a7 Qxa7+ 58. Kxa7 g2 59. Kb6 g1Q+ 60. Kb5 Kxe6 61. Kc4 Qd1 62. Kc3 Ke5 63. Kc4 Qd2 64. Kc5 Qc2+ 65. Kb5 Kd6 66. Kb4 Kd5 67. Kb5 Qb2+ 68. Ka6 Kc5 69. Ka7 Kc6 70. Ka8 Qb7# 0-1